Municipios de Almería - Estadísticas

Estadísticas generales
  • Esta prueba ha sido intentada 21 veces
  • La puntuación promedio es 43 de 103
Estadísticas de respuestas
Municipios % Correcto
Roquetas de Mar
94%
Almería
89%
El Ejido
89%
Adra
83%
Pulpí
78%
Albox
72%
Níjar
72%
Alhama de Almería
67%
Macael
67%
Mojácar
67%
Tabernas
67%
Vera
67%
Benahadux
61%
Huércal de Almería
61%
Huércal-Overa
61%
Serón
61%
Vélez-Rubio
61%
Abla
56%
Olula del Río
56%
Vélez-Blanco
56%
Vícar
56%
Antas
50%
Berja
50%
Cantoria
50%
Dalías
50%
Fondón
50%
Gádor
50%
La Mojonera
50%
Lubrín
50%
María
50%
Oria
50%
Pechina
50%
Sorbas
50%
Carboneras
44%
Cuevas del Almanzora
44%
Felix
44%
Fiñana
44%
Fines
44%
Garrucha
44%
Gérgal
44%
Laujar de Andarax
44%
Los Gallardos
44%
Purchena
44%
Tíjola
44%
Turre
44%
Velefique
44%
Zurgena
44%
Abrucena
39%
Alhabia
39%
Bacares
39%
Bédar
39%
Canjáyar
39%
Ohanes
39%
Olula de Castro
39%
Senés
39%
Tahal
39%
Terque
39%
Uleila del Campo
39%
Alcolea
33%
Balanegra
33%
Bayárcal
33%
Chercos
33%
Chirivel
33%
Enix
33%
Laroya
33%
Líjar
33%
Lúcar
33%
Rioja
33%
Somontín
33%
Urrácal
33%
Viator
33%
Albanchez
28%
Alboloduy
28%
Alcudia de Monteagud
28%
Almócita
28%
Arboleas
28%
Bayarque
28%
Beires
28%
Bentarique
28%
Cóbdar
28%
Huécija
28%
Íllar
28%
Nacimiento
28%
Padules
28%
Partaloa
28%
Paterna del Río
28%
Sierro
28%
Suflí
28%
Taberno
28%
Turrillas
28%
Alicún
22%
Alsodux
22%
Instinción
22%
Las Tres Villas
22%
Rágol
22%
Santa Fe de Mondújar
22%
Alcóntar
17%
Armuña de Almanzora
17%
Benitagla
17%
Benizalón
17%
Castro de Filabres
17%
Santa Cruz de Marchena
11%
Lucaicena de las Torres
0%
No se encontraron pruebas coincidentes
Distribución de puntuación
Porcentaje de gente con cada puntuación
Porcentaje por número respondido
Historial de tus puntuaciones
No has intentado esta prueba.